000 00663nam a2200241 i 4500
001 bg
100 1 _aSTEELE, Ross
245 1 0 _aRèvisions 1 :
_b350 exercices niveau dèbutant /
_cRoss Steele, Jane Zemiro.
260 _aVanves :
_bHachette,
_ccop.1992.
300 _a171 s. :
_brys. ;
_c25 cm.
490 1 _aExerçons-nous,
_x1142-768X
650 9 _aJęzyk francuski
655 _aĆwiczenia i zadania
700 1 _aZEMIRO, Jane
830 _aExerçons-nous,
_x1142-768X
020 _a2010168283
040 _cBPK
041 0 _afr
080 _a811.133.1(076)
920 _a2-01-016828-3
942 _cKS
008 s pl f |000 0 pol
999 _c36268
_d36268
856 _uhttp://koha.tu.koszalin.pl/cgi-bin/koha/opac-detail.pl?biblionumber=36268
_yKatalog online BPK